Systémy manažérstva a význam ich auditovania

Zhodnotenie procesu auditov v organizáciách so zavedeným systémom manažérstva a identifikácia problémov súvisiacich s uvedeným procesom.

Salvato in:
Dettagli Bibliografici
Autore principale: Karkalíková, Marta
Natura: Capitolo di libro
Lingua:slovacco
Soggetti:
Tags: Aggiungi Tag
Nessun Tag, puoi essere il primo ad aggiungerne!!

MARC

LEADER 00000naa a2200000 4500
001 0228756
005 20240502073749.9
041 0 |a slo 
044 |a SK 
245 1 0 |a Systémy manažérstva a význam ich auditovania  |c Marta Karkalíková 
520 |a Zhodnotenie procesu auditov v organizáciách so zavedeným systémom manažérstva a identifikácia problémov súvisiacich s uvedeným procesom. 
610 2 0 |a riadenie kvality 
610 2 0 |a audit 
610 2 0 |a riadenie vrcholové 
610 2 0 |a výhody konkurenčné 
610 2 0 |a spokojnosť zákazníkov 
610 2 0 |a normy kvality 
610 2 0 |a systém riadenia kvality 
100 1 |a Karkalíková, Marta